So Sovietskym sväzom na večné časy
Salvato in:
| Natura: | Libro |
|---|---|
| Lingua: | slovacco |
| Pubblicazione: |
Bratislava
Svet socialismu
1951
|
| Tags: |
Nessun Tag, puoi essere il primo ad aggiungerne!!
|
MARC
| LEADER | 00000nam a2200000 4500 | ||
|---|---|---|---|
| 001 | 0315322 | ||
| 005 | 20260309095449.3 | ||
| 041 | 0 | |a slo | |
| 044 | |a SK | ||
| 245 | 1 | 0 | |a So Sovietskym sväzom na večné časy |c Klement Gottwald |
| 264 | 1 | |a Bratislava |b Svet socialismu |c 1951 | |